特急「いなほ」の停車駅 - Statistics

General Stats
  • This quiz has been taken 125 times
  • The average score is 14 of 16
Answer Stats
停車駅 % Correct
新潟
100%
酒田
100%
秋田
100%
新発田
98%
村上
96%
鶴岡
92%
羽後本荘
91%
仁賀保
84%
豊栄
83%
坂町
83%
あつみ温泉
83%
余目
83%
象潟
78%
遊佐
75%
中条
66%
府屋
56%
No matching quizzes found
Score Distribution
Percent of People with Each Score
Percentile by Number Answered
Your Score History
You have not taken this quiz